Điều kiện lao động trong các doanh nghiệp ở Việt Nam

Những điều kiện cơ bản về điều kiện lao động trong các doanh nghiệp và phương pháp đánh giá. Thực trạng điều kiện lao động trong các doanh nghiepẹ ở Việt Nam. Anh hưởng của hoạt động công nghiệp đối với người lao động và môi trường. Cá...

Popoln opis

Shranjeno v:
Bibliografske podrobnosti
Korporativna značnica: Viện Khoa học Lao động và các vấn đề xã hội
Format: Knjiga
Jezik:Undetermined
Izdano: Hà Nội Chính trị quốc gia 1996
Teme:
Oznake: Označite
Brez oznak, prvi označite!
Thư viện lưu trữ: Trung tâm Học liệu Trường Đại học Cần Thơ
LEADER 01203nam a2200217Ia 4500
001 CTU_23938
008 210402s9999 xx 000 0 und d
020 |c 12000 
082 |a 331.2 
082 |b V305 
110 |a Viện Khoa học Lao động và các vấn đề xã hội 
245 0 |a Điều kiện lao động trong các doanh nghiệp ở Việt Nam 
245 0 |c Viện Khoa học Lao động và các vấn đề xã hội 
260 |a Hà Nội 
260 |b Chính trị quốc gia 
260 |c 1996 
520 |a Những điều kiện cơ bản về điều kiện lao động trong các doanh nghiệp và phương pháp đánh giá. Thực trạng điều kiện lao động trong các doanh nghiepẹ ở Việt Nam. Anh hưởng của hoạt động công nghiệp đối với người lao động và môi trường. Các biện pháp nhằm hạn chế ô nhiễm môi trường do hoạt động lao động. 
650 |a Labor economics 
650 |z Vietnam 
904 |i Phượng 
980 |a Trung tâm Học liệu Trường Đại học Cần Thơ